Central Library OPAC University of Rajshahi

کلیات حسرت موہانی مولانا فضل الحسن حسرت موہانی کے مکمل تیرہ دیوان مع حالات و تبصرہ / Kulliyāt-i Ḥasrat Mohānī Maulānā Faz̤l-al-Ḥasan Ḥasrat Mohānī ke mukammal terah dīvān maʿ ḥālāt va tabṣirah /لياتِ حسرت / Kullīyāt-i Ḥasrat / (Record no. 86488)

MARC details
000 -LEADER
fixed length control field 00956nam a22002057a 4500
001 - CONTROL NUMBER
control field 86488
003 - CONTROL NUMBER IDENTIFIER
rucl marc code BD-RjUL
005 - DATE AND TIME OF LATEST TRANSACTION
control field 20260517112611.0
008 - FIXED-LENGTH DATA ELEMENTS--GENERAL INFORMATION
fixed length control field 260517s1943 ii ||||| |||| 00| 0 urd d
035 ## - SYSTEM CONTROL NUMBER
System control number (BD-RjUL)86488
040 ## - CATALOGING SOURCE
Original cataloging agency BD-RjUL
Language of cataloging eng
Transcribing agency BD-RjUL
041 ## - LANGUAGE CODE
Language code of text/sound track or separate title urd
082 ## - DEWEY DECIMAL CLASSIFICATION NUMBER
Edition number 23
Classification number 891.43915
Author mark and year MUK 1943
100 ## - MAIN ENTRY--PERSONAL NAME
Personal name موہانى حسرت ، Muhānī, Ḥasrat
Dates associated with a name 1875-1951
9 (RLIN) 18497
245 ## - TITLE STATEMENT
Title کلیات حسرت موہانی مولانا فضل الحسن حسرت موہانی کے مکمل تیرہ دیوان مع حالات و تبصرہ / Kulliyāt-i Ḥasrat Mohānī Maulānā Faz̤l-al-Ḥasan Ḥasrat Mohānī ke mukammal terah dīvān maʿ ḥālāt va tabṣirah /لياتِ حسرت / Kullīyāt-i Ḥasrat /
Statement of responsibility, etc. مولانا حسرت موہانى ,،, Maulānā Ḥasrat Muhānī
264 ## - PRODUCTION, PUBLICATION, DISTRIBUTION, MANUFACTURE, AND COPYRIGHT NOTICE
Place of production, publication, distribution, manufacture Hydrabad :
Name of producer, publisher, distributor, manufacturer Intejamy press, 1
Date of production, publication, distribution, manufacture, or copyright notice 1943
300 ## - PHYSICAL DESCRIPTION
Pagination 312 p. ;
Size 17 cm
650 ## - SUBJECT ADDED ENTRY--TOPICAL TERM
Topical term or geographic name as entry element Urdu poetry
Form subdivision collection
9 (RLIN) 18498
942 ## - ADDED ENTRY ELEMENTS (KOHA)
Source of classification or shelving scheme Dewey Decimal Classification
Koha item type Books
Holdings
Lost status Source of classification or shelving scheme Damaged status Not for loan Collection code Permanent Location Current Location Shelving location Date acquired Total Checkouts Full call number Date last seen Copy number Koha item type
  Dewey Decimal Classification   Not For Loan Non-fiction Central Library, University of Rajshahi Central Library, University of Rajshahi Reading Room 17/05/2026   U 891.43908 MUK 1943 17/05/2026 C-1 Books